Southville International School and Colleges
Your cart is empty.
  • Cart
  • Lists
    Public lists list_1 View all
    Your lists Log in to create your own lists
  • Log in to your account
  • Your cookies
  • Search history
Southville International School and Colleges
  • Advanced search
  • Recent comments
  • Most popular
  • Libraries

Log in to your account

Log in with GOOGLE


If you do not have an external account, but do have a local account, you can still log in:

  1. Home
  2. MARC view: Contestable nation-space :
Normal view MARC view ISBD view

Contestable nation-space : (Record no. 298060)

[ view plain ]
MARC details
000 -LEADER
fixed length control field 00698nam a22001817a 4500
003 - CONTROL NUMBER IDENTIFIER
control field SISC
005 - DATE AND TIME OF LATEST TRANSACTION
control field 20160726134446.0
008 - FIXED-LENGTH DATA ELEMENTS--GENERAL INFORMATION
fixed length control field 160726b xxu||||| |||| 00| 0 eng d
020 ## - INTERNATIONAL STANDARD BOOK NUMBER
International Standard Book Number 9789715427357
050 ## - LIBRARY OF CONGRESS CALL NUMBER
Classification number PN 1995.2
Item number .T649 2014
100 ## - MAIN ENTRY--PERSONAL NAME
Personal name Tolentino, Rolando.
245 ## - TITLE STATEMENT
Title Contestable nation-space :
Remainder of title cinema, cultural politics, and transnationalism in the Marcos-Brocka Philippines /
Statement of responsibility, etc Rolando Tolentino.
260 ## - PUBLICATION, DISTRIBUTION, ETC. (IMPRINT)
Place of publication, distribution, etc Quezon City :
Name of publisher, distributor, etc The University of the Philippines Press,
Date of publication, distribution, etc 2014.
300 ## - PHYSICAL DESCRIPTION
Extent xii, 267 pages :
Other physical details illustrations ;
Dimensions 23 cm.
500 ## - GENERAL NOTE
General note Includes bibliographical references and index.
650 ## - SUBJECT ADDED ENTRY--TOPICAL TERM
Topical term or geographic name as entry element Motion pictures and transnationalism
Geographic subdivision Philippines.
942 ## - ADDED ENTRY ELEMENTS (KOHA)
Source of classification or shelving scheme Library of Congress Classification
Koha item type Books
Holdings
Withdrawn status Lost status Source of classification or shelving scheme Damaged status Home library Current library Shelving location Date acquired Source of acquisition Total Checkouts Full call number Barcode Date last seen Price effective from Koha item type
    Library of Congress Classification   College Library College Library Filipiniana Section 07/26/2016 Library Fund   PN 1995.2 .T649 2014 C20639 05/08/2018 07/26/2016 Books

Contestable nation-space :

APA

Tolentino R., . (2014). Contestable nation-space. Quezon City: The University of the Philippines Press.

Chicago

Tolentino Rolando, . 2014. Contestable nation-space. Quezon City: The University of the Philippines Press.

Harvard

Tolentino R., . (2014). Contestable nation-space. Quezon City: The University of the Philippines Press.

MLA

Tolentino Rolando, . Contestable nation-space. Quezon City: The University of the Philippines Press. 2014.

  • Place hold
  • Print
  • Cite
  • Add to your cart (remove)
  • Save record
    BIBTEX Dublin Core MARCXML MARC (non-Unicode/MARC-8) MARC (Unicode/UTF-8) MARC (Unicode/UTF-8, Standard) MODS (XML) RIS
  • More searches
    Search for this title in:
    Other Libraries (WorldCat) Other Databases (Google Scholar) Online Stores (Bookfinder.com) Open Library (openlibrary.org)

Exporting to Dublin Core...

SOUTHVILLE LIBRARY

Southville International School and Colleges Library

1281 Tropical Ave. Cor. Luxembourg St., BF Homes International, Las Pinas City

Tel. No. 8256374 / 252358 Loc. 117/146

Powered by Koha